000 01011nam0a2200301 4500
001 RU\NLR\bibl\938464
005 20250614194220.0
010 _a5-7905-4258-1
_910000
021 _aRU
_b2006-16198
_9798
035 _a(NLR Aleph) 000926654
090 _a133719
_c133719
100 _a20060424d2006 |||y0rusy50 ca
101 0 _arus
102 _aRU
105 _ay |||||||||
200 1 _aГладиолусы
_eразведение и уход
_fО. Трюхан
210 _aМосква
_cРИПОЛ-классик
_d2006
215 _a62, [1] с.
_d20
225 1 _aЦветочное настроение
300 _aНа обл. авт. не указан
606 1 _aГладиолусы
_xКультура на приусадебных участках
_92312068
_3RU\NLR\auth\661383687
686 _aП274.9гладиолусы-4
700 1 _aТрюхан
_bО. Н.
_4070
801 0 _aRU
_bNLR
_c20060424
_grcr
801 1 _aRU
_bNLR
_c20060424
942 _cBOOK
980 _aNB